South Eastern Kenya University

Library Online Public Access Catalogue


The omni space almanac : (Record no. 8448)

MARC details
000 -LEADER
fixed length control field 00506nam a2200169 a 4500
020 ## - ISBN
International Standard Book Number 0886872804 :
020 ## - ISBN
International Standard Book Number 0345343956 (Ballantine Books)
050 00 - LIBRARY OF CONGRESS CALL NUMBER
Classification Number TL 790
Item Number .M36
100 1# - MAIN ENTRY--Author
Personal name McAleer, Neil,
245 14 - TITLE
Title The omni space almanac :
Remainder of title a complete guide to the Space Age /
Statement of responsibility, etc Neil McAleer.
260 ## - PUBLICATION, DISTRIBUTION, ETC.(IMPRINT)
Place of publication, distribution, etc New York :
Name of publisher, distributor, etc World Almanac :
-- Distributed by Ballantine Books,
Date of publication, distribution, etc 1987.
300 ## - PHYSICAL DESCRIPTION
Extent 382 p. :
500 ## - GENERALNOTE
General note "An Omni book."
500 ## - GENERALNOTE
General note Includes index.
650 #0 - SUBJECT--TOPIC
Topical term following geographic name as entry element Almanac
942 ## - ADDED ENTRY ELEMENTS(KOHA)
Source of classification or shelving scheme Library of Congress Classification
Koha item type Reference
Holdings
Source of classification or shelving scheme Not for loan Location (home branch) Sublocation (holding branch) Shelving location Date accessioned Full call number Barcode Koha item type Public note
Library of Congress Classification   Main Campus Library Main Campus Library Reference 05/08/2015 TL 790 .M36 2015/007004 Reference smo
Kitui, Kenya.
+254736116989
library@seku.ac.ke